Metric Space (Record no. 30169)

000 -LEADER
fixed length control field 00530 a2200169 4500
020 ## - INTERNATIONAL STANDARD BOOK NUMBER
International Standard Book Number 8183561187
082 ## - DEWEY DECIMAL CLASSIFICATION NUMBER
Classification number 514.353
090 ## - LOCALLY ASSIGNED LC-TYPE CALL NUMBER (OCLC); LOCAL CALL NUMBER (RLIN)
-- 1559
-- 1559
100 ## - MAIN ENTRY--PERSONAL NAME
Personal name Sharma, S. C.
245 ## - TITLE STATEMENT
Title Metric Space
Statement of responsibility, etc. S. C. Sharma
260 ## - PUBLICATION, DISTRIBUTION, ETC.
Place of publication, distribution, etc. New Delhi
Name of publisher, distributor, etc. Discovery Publishing
Date of publication, distribution, etc. 2006.
300 ## - PHYSICAL DESCRIPTION
Extent 300
440 ## - SERIES STATEMENT/ADDED ENTRY--TITLE
Title DPH Mathematics Series
830 ## - SERIES ADDED ENTRY--UNIFORM TITLE
Uniform title DPH Mathematics Series
942 ## - ADDED ENTRY ELEMENTS (KOHA)
Institution code [OBSOLETE] SNS
Koha item type Book
Call number prefix 514.353 SHA
Holdings
Withdrawn status Lost status Damaged status Not for loan Permanent Location Current Location Date acquired Total Checkouts Total Renewals Full call number Barcode Date last seen Date last checked out Price effective from Koha item type
        School of Natural Sciences (SNS) School of Natural Sciences (SNS) 05/26/2016 2 2 514.353 SHA SNS0000844 11/18/2022 11/09/2020 05/26/2016 Book
© 2023 Central Library, National University of Sciences and Technology. All Rights Reserved.